| 000 | 01343cam a2200241 4500 | ||
|---|---|---|---|
| 001 | ABS66443 | ||
| 008 | 030224n2003 000 0 eng u | ||
| 035 | _a(Sirsi) u121411 | ||
| 100 | _aWallis, J. | ||
| 245 | _aLand Terrier marks out its territory | ||
| 260 | _c2003 | ||
| 490 |
_aEstates Gazette _v(0307) 15 February 2003, 122-123(2) |
||
| 520 | _aExplains how the Land Terrier system, created to co-ordinate the property data required for the Channel Tunnel Rail Link, can help the property industry comply with the Land Registration Act 2003. The Land Terrier system uses a number of data processing software packages such as Geomedia Professional and an Oracle database to store all information about a property. It has also been designed to accept data from electronic property details downloaded from HM Land Registry. Outlines the different components of Land Terrier and describes how it can help property owners by automating property transactions and filling out forms, two requirements of the Land Registration Act 2003. | ||
| 590 | _aABS | ||
| 650 | _aLAND REGISTRATION ACT 2003 | ||
| 650 | _aPROPERTY INDUSTRY | ||
| 650 | _aLAND TERRIER | ||
| 650 | _aPROPERTY DATA | ||
| 650 | _aLAND REGISTRATION | ||
| 650 | _aPROPERTY SOFTWARE | ||
| 690 | _aMANAGEMENT-BUSINESS MANAGEMENT-INFORMATION MANAGEMENT | ||
| 942 | _n0 | ||
| 999 |
_c72142 _d72142 |
||